000 00219 a2200097 4500
001 18094
100 _aChironis, N P
245 _aMachine devices & instrumentation
260 _a
_bMcGraw-Hill
_c
090 _c13388
_d13388
942 _aNUST-CAE
_cM
_c3767
999 _c253167
_d253167